[Event "Oslo op-B"]
[Site "Oslo"]
[Date "2014.09.28"]
[Round "2"]
[White "Ondo, Shaun"]
[Black "Moseng, Geir"]
[Result "0-1"]
[WhiteElo "1730"]
[BlackElo "1983"]
[PlyCount "98"]
[EventDate "2014.09.28"]
[EventType "swiss"]
[EventRounds "9"]
[EventCountry "NOR"]
[SourceTitle "EXT 2017"]
[Source "ChessBase"]
[SourceDate "2016.10.25"]
[SourceVersion "1"]
[SourceVersionDate "2016.10.25"]
[SourceQuality "1"]

1. Nf3 f5 2. d4 Nf6 3. g3 g6 4. Bg2 Bg7 5. 0-0 0-0 6. c4 d6 7. Qb3 Kh8 8. Nc3 Qe8 9. Bf4 h6 10. Nb5 Na6 11. Nc3 g5 12. Bd2 e5 13. dxe5 dxe5 14. e3 c6 15. Rad1 e4 16. Nd4 Ng4 17. Nce2 Ne5 18. Qa3 Nxc4 19. Qc3 Nb6 20. Qc2 Nd5 21. a3 c5 22. Nb3 b6 23. Nc3 Nac7 24. Nc1 Ba6 25. Rfe1 Rd8 26. N1e2 Qe6 27. Nxd5 Nxd5 28. Nc3 Bd3 29. Qc1 Be5 30. Nxd5 Rxd5 31. Bc3 Rfd8 32. Bxe5+ Qxe5 33. f4 exf3 34. Bxf3 R5d6 35. Qc3 Qxc3 36. bxc3 Kg7 37. Kf2 Kf6 38. Rd2 Be4 39. Rde2 Ke5 40. g4 Rd3 41. Rc1 Rd1 42. Rxd1 Rxd1 43. gxf5 Kxf5 44. Bxe4+ Kxe4 45. Rb2 Rc1 46. Rb3 Rc2+ 47. Kg3 c4 48. Rb4 Rxc3 49. Ra4 a5 0-1

[Event "NOR-ch U14"]
[Site "Hamar"]
[Date "2013.11.16"]
[Round "4"]
[White "Berntsen Oybo, August"]
[Black "Ondo, Shaun"]
[Result "1-0"]
[WhiteElo "1319"]
[BlackElo "1568"]
[PlyCount "47"]
[EventDate "2013.11.15"]
[EventType "swiss"]
[EventRounds "7"]
[EventCountry "NOR"]
[SourceTitle "EXT 2024"]
[Source "ChessBase"]
[SourceDate "2023.10.10"]
[SourceVersion "1"]
[SourceVersionDate "2023.10.10"]
[SourceQuality "1"]

1. e4 e5 2. Nf3 Nc6 3. d4 exd4 4. Nxd4 Bc5 5. Be3 Qf6 6. c3 Nge7 7. Bc4 0-0 8. 0-0 Ne5 9. Bb3 d6 10. h3 N7g6 11. f4 Nc6 12. f5 Nge5 13. Qe2 Bd7 14. Nxc6 Bxe3+ 15. Qxe3 bxc6 16. Nd2 Rfe8 17. g4 h6 18. Rae1 d5 19. Qg3 dxe4 20. Nxe4 Qd8 21. f6 g6 22. Qh4 h5 23. gxh5 Nf3+ 24. Rxf3 1-0

[Event "NOR-ch U14"]
[Site "Hamar"]
[Date "2013.11.16"]
[Round "3"]
[White "Ondo, Shaun"]
[Black "Risting, Eivind Olav"]
[Result "0-1"]
[WhiteElo "1568"]
[BlackElo "1663"]
[PlyCount "59"]
[EventDate "2013.11.15"]
[EventType "swiss"]
[EventRounds "7"]
[EventCountry "NOR"]
[SourceTitle "EXT 2024"]
[Source "ChessBase"]
[SourceDate "2023.10.10"]
[SourceVersion "1"]
[SourceVersionDate "2023.10.10"]
[SourceQuality "1"]

1. Nf3 e6 2. c4 Nf6 3. g3 d5 4. cxd5 exd5 5. Bg2 Be7 6. 0-0 0-0 7. d4 Nbd7 8. Nc3 c6 9. Bf4 Re8 10. a3 Nf8 11. b4 Ng6 12. Bg5 Ne4 13. Bxe7 Qxe7 14. Qb3 Bg4 15. Qc2 Nxc3 16. Qxc3 Qxe2 17. Rfe1 Qb5 18. Re3 Rxe3 19. Qxe3 Bxf3 20. Bxf3 Qb6 21. Re1 Qd8 22. h4 Qf6 23. h5 Nf8 24. Kg2 Ne6 25. Bg4 Re8 26. Kh2 Kf8 27. Rd1 Ng5 28. Qf4 Qxf4 29. gxf4 Ne4 30. f3 0-1

[Event "Oslo Vederhus Memorial op B"]
[Site "Oslo"]
[Date "2013.09.29"]
[Round "2"]
[White "Ondo, Shaun"]
[Black "Yilmaz, Kazim"]
[Result "1/2-1/2"]
[WhiteElo "1205"]
[BlackElo "1683"]
[PlyCount "49"]
[EventDate "2013.09.29"]
[EventType "swiss"]
[EventRounds "9"]
[EventCountry "NOR"]
[SourceTitle "EXT 2024"]
[Source "ChessBase"]
[SourceDate "2023.10.10"]
[SourceVersion "1"]
[SourceVersionDate "2023.10.10"]
[SourceQuality "1"]

1. Nf3 Nf6 2. g3 Nc6 3. d4 d5 4. Bg2 Bg4 5. 0-0 e6 6. b3 Be7 7. Bb2 0-0 8. c4 Ne4 9. h3 Bf5 10. Nbd2 Bf6 11. e3 Re8 12. Nxe4 Bxe4 13. Qd2 a5 14. c5 b5 15. cxb6 cxb6 16. a3 Be7 17. Rac1 Qd7 18. Qe2 Qb7 19. Nd2 Bxg2 20. Kxg2 f5 21. g4 g6 22. Rc3 Rac8 23. gxf5 exf5 24. Rfc1 Na7 25. Rxc8 1/2-1/2

[Event "Oslo Bockman op"]
[Site "Oslo"]
[Date "2011.04.08"]
[Round "1"]
[White "Ristesund, Odd"]
[Black "Ondo, Shaun"]
[Result "1-0"]
[WhiteElo "1414"]
[BlackElo "1049"]
[PlyCount "87"]
[EventDate "2011.04.08"]
[EventType "swiss"]
[EventRounds "5"]
[EventCountry "NOR"]
[SourceTitle "CBM 142 Extra"]
[Source "ChessBase"]
[SourceDate "2011.06.27"]
[SourceVersion "1"]
[SourceVersionDate "2011.06.27"]
[SourceQuality "1"]

1. e4 e5 2. Nf3 Nc6 3. d4 d6 4. dxe5 Nxe5 5. Nxe5 dxe5 6. Qxd8+ Kxd8 7. Bc4 f5 8. Nc3 Be7 9. f3 Nf6 10. Bg5 h6 11. Be3 Bd7 12. 0-0-0 Kc8 13. Kb1 a6 14. a3 b5 15. Bd3 f4 16. Bf2 c5 17. Be2 Kc7 18. Nd5+ Nxd5 19. Rxd5 Bd6 20. Rhd1 b4 21. Rxd6 Rad8 22. Bxc5 bxa3 23. Bb6+ Kb7 24. Bxd8 Rxd8 25. Rxd7+ Rxd7 26. Rxd7+ Kc6 27. Rxg7 axb2 28. Rg6+ Kc5 29. Bxa6 Kd4 30. Kxb2 h5 31. h4 Ke3 32. Kb3 Kf2 33. c4 Kg1 34. c5 Kh2 35. c6 Kh1 36. c7 Kh2 37. c8Q Kg1 38. Qf5 Kf2 39. Qxe5 Kg1 40. Qxf4 Kf2 41. Qd2+ Kg1 42. g4 hxg4 43. Rxg4+ Kh1 44. Qg2# 1-0